[Event "ISL-chT Kvika 2223"]
[Site "Reykjavik"]
[Date "2022.10.15"]
[Round "3.3"]
[White "Pakleza, Zbigniew"]
[Black "Jensson, Einar Hjalti"]
[Result "1/2-1/2"]
[WhiteElo "2496"]
[BlackElo "2331"]
[PlyCount "118"]
[EventDate "2022.10.13"]
[EventType "team-tourn"]
[EventRounds "10"]
[EventCountry "ISL"]
[SourceTitle "CBM 213 Extra"]
[Source "ChessBase"]
[SourceDate "2023.05.31"]
[SourceVersion "1"]
[SourceVersionDate "2023.05.31"]
[SourceQuality "1"]
[WhiteTeam "Vikingaklubburinn"]
[BlackTeam "Breidjblik Skakdeild"]
[WhiteTeamCountry "ISL"]
[BlackTeamCountry "ISL"]

1. Nf3 d5 2. d4 c5 3. e3 Nc6 4. c4 cxd4 5. exd4 Nf6 6. Nc3 Bg4 7. Be3 e6 8. Be2 dxc4 9. Bxc4 Be7 10. h3 Bh5 11. 0-0 0-0 12. g4 Bg6 13. Ne5 Rc8 14. Nxg6 hxg6 15. Bb3 Qd7 16. d5 Nxd5 17. Nxd5 exd5 18. Qxd5 Qxd5 19. Bxd5 Bf6 20. g5 Be5 21. Rad1 b6 22. b3 Rfd8 23. Bxc6 Rxd1 24. Rxd1 Rxc6 25. Rd8+ Kh7 26. Rd7 Rc7 27. Rxc7 Bxc7 28. Kg2 Kg8 29. Kf3 Kf8 30. Ke4 Ke8 31. Kd5 Kd7 32. Bd4 Bd8 33. h4 f6 34. f4 Be7 35. a4 fxg5 36. hxg5 Bd6 37. Be5 Bf8 38. Bc3 Bd6 39. Be5 Bf8 40. f5 gxf5 41. g6 a6 42. Bd4 b5 43. axb5 axb5 44. Ke5 f4 45. Kxf4 Ke6 46. Ke4 Bb4 47. Bxg7 Bd2 48. Bd4 b4 49. Kd3 Be1 50. Kc4 Bd2 51. Bb2 Be1 52. Bg7 Kf5 53. Bf8 Kxg6 54. Bxb4 Bh4 55. Bc3 Kf7 56. Kd5 Be7 57. Bd4 Bb4 58. Bc5 Be1 59. b4 Bxb4 1/2-1/2

[Event "ISL-chT1 1920"]
[Site "Reykjavik"]
[Date "2019.10.03"]
[Round "1.2"]
[White "Jensson, Einar Hjalti"]
[Black "Ornolfsson, Magnus P"]
[Result "1-0"]
[WhiteElo "2338"]
[BlackElo "2194"]
[PlyCount "71"]
[EventDate "2019.10.03"]
[EventType "team-tourn"]
[EventRounds "9"]
[EventCountry "ISL"]
[SourceTitle "CBM 195 Extra"]
[Source "ChessBase"]
[SourceDate "2020.05.31"]
[SourceVersion "1"]
[SourceVersionDate "2020.05.31"]
[SourceQuality "1"]
[WhiteTeam "Skakfelagidj Huginn"]
[BlackTeam "Breidjablik Bolungarvik"]
[WhiteTeamCountry "ISL"]
[BlackTeamCountry "ISL"]

1. e4 e5 2. Nf3 Nc6 3. d4 exd4 4. Nxd4 Bb4+ 5. c3 Bc5 6. Be3 Qf6 7. Bc4 Nge7 8. 0-0 0-0 9. Kh1 Ne5 10. Be2 d6 11. Nd2 Bb6 12. f4 N5c6 13. g4 h6 14. Nc4 Ng6 15. Nxb6 axb6 16. Bd3 Bd7 17. a3 Rfe8 18. Nb5 Rac8 19. a4 Qh4 20. Rg1 h5 21. gxh5 Nxf4 22. Bxf4 Qxf4 23. Qe2 Ne5 24. Raf1 Qh4 25. Qg2 g6 26. hxg6 fxg6 27. Rf3 Rf8 28. Rg3 Kh8 29. Nd4 Nxd3 30. Rxd3 c5 31. Nf5 Bxf5 32. exf5 Qf6 33. Rh3+ Kg7 34. Qxg6+ Qxg6 35. Rxg6+ Kf7 36. Rh7+ 1-0

[Event "ISL-chT1 1819"]
[Site "Reykjavik"]
[Date "2019.03.02"]
[Round "9.3"]
[White "Jensson, Einar Hjalti"]
[Black "Johannsson, Orn Leo"]
[Result "1/2-1/2"]
[WhiteElo "2343"]
[BlackElo "2211"]
[PlyCount "51"]
[EventDate "2018.11.08"]
[EventType "team-tourn"]
[EventRounds "9"]
[EventCountry "ISL"]
[SourceTitle "CBM 189 Extra"]
[Source "ChessBase"]
[SourceDate "2019.06.03"]
[SourceVersion "1"]
[SourceVersionDate "2019.06.03"]
[SourceQuality "1"]
[WhiteTeam "Skakfelagidj Huginn"]
[BlackTeam "Breidjablik Bolungavik"]
[WhiteTeamCountry "ISL"]
[BlackTeamCountry "ISL"]

1. d4 Nf6 2. c4 c5 3. d5 b5 4. cxb5 a6 5. bxa6 Bxa6 6. Nc3 g6 7. e4 Bxf1 8. Kxf1 d6 9. g3 Bg7 10. Kg2 0-0 11. Nf3 Nbd7 12. Qe2 Qa5 13. Bd2 Rfb8 14. Rhb1 Qa6 15. Qxa6 Rxa6 16. Ne1 c4 17. f3 Nc5 18. Nc2 Nfd7 19. Ne3 Rba8 20. Rd1 Nb3 21. Rab1 Nxd2 22. Rxd2 Bxc3 23. bxc3 Rxa2 24. Rbb2 Rxb2 25. Rxb2 Ra3 26. Nxc4 1/2-1/2

[Event "ISL-chT1 1819"]
[Site "Reykjavik"]
[Date "2018.11.11"]
[Round "5.1"]
[White "Birkisson, Bjorn Holm"]
[Black "Jensson, Einar Hjalti"]
[Result "0-1"]
[WhiteElo "2033"]
[BlackElo "2343"]
[PlyCount "82"]
[EventDate "2018.11.08"]
[EventType "team-tourn"]
[EventRounds "9"]
[EventCountry "ISL"]
[SourceTitle "CBM 187 Extra"]
[Source "ChessBase"]
[SourceDate "2018.11.04"]
[SourceVersion "1"]
[SourceVersionDate "2018.11.04"]
[SourceQuality "1"]
[WhiteTeam "Taflfelag Reykjavikur II"]
[BlackTeam "Skakfelagidj Huginn"]
[WhiteTeamCountry "ISL"]
[BlackTeamCountry "ISL"]

1. d4 Nf6 2. Bf4 d5 3. e3 c5 4. c3 Nc6 5. Nd2 Bf5 6. Ngf3 e6 7. Be2 Be7 8. Ne5 h6 9. h3 0-0 10. 0-0 Qb6 11. Qb3 c4 12. Qxb6 axb6 13. a3 b5 14. Rac1 Nxe5 15. Bxe5 Nd7 16. Bf3 Bd3 17. Rfe1 f6 18. Bg3 e5 19. dxe5 fxe5 20. Bg4 Nc5 21. Bxe5 Bf5 22. Bxf5 Rxf5 23. Nf3 Nd3 24. Rcd1 Nxe5 25. Nd4 Rf7 26. Nxb5 Nd3 27. Re2 Bc5 28. Nd4 Bxd4 29. cxd4 Ra6 30. f3 Re6 31. e4 dxe4 32. fxe4 Rf4 33. Rc2 Rexe4 34. Rxc4 Rxd4 35. Rc3 Nxb2 36. Rxd4 Rxd4 37. Rb3 Nc4 38. Rxb7 Nxa3 39. Rb2 Nc4 40. Re2 Kh7 41. Kh2 h5 0-1

[Event "ISL-chT1 1819"]
[Site "Reykjavik"]
[Date "2018.11.09"]
[Round "2.4"]
[White "Jensson, Einar Hjalti"]
[Black "Vigfusson, Vigfus Odon"]
[Result "1-0"]
[WhiteElo "2343"]
[BlackElo "1980"]
[PlyCount "51"]
[EventDate "2018.11.08"]
[EventType "team-tourn"]
[EventRounds "9"]
[EventCountry "ISL"]
[SourceTitle "CBM 187 Extra"]
[Source "ChessBase"]
[SourceDate "2018.11.04"]
[SourceVersion "1"]
[SourceVersionDate "2018.11.04"]
[SourceQuality "1"]
[WhiteTeam "Skakfelagidj Huginn"]
[BlackTeam "Skakfelagidj Huginn II"]
[WhiteTeamCountry "ISL"]
[BlackTeamCountry "ISL"]

1. g3 Nf6 2. Bg2 g6 3. e4 e5 4. d4 exd4 5. Ne2 Bg7 6. Nxd4 0-0 7. 0-0 d5 8. e5 Ne4 9. f3 Nc5 10. f4 Nc6 11. Be3 Ne6 12. c3 f6 13. exf6 Bxf6 14. Nxc6 bxc6 15. Nd2 a5 16. f5 gxf5 17. Rxf5 Rb8 18. Qa4 Qd6 19. Nb3 Bd7 20. Raf1 c5 21. Qa3 d4 22. Rd5 Qe7 23. cxd4 Nxd4 24. Nxd4 Rbe8 25. Nf5 Bxf5 26. Rdxf5 1-0

[Event "ISL-chT 1718"]
[Site "Reykjavik"]
[Date "2018.03.03"]
[Round "8.1"]
[White "Baldursson, Hrannar"]
[Black "Jensson, Einar Hjalti"]
[Result "0-1"]
[WhiteElo "2140"]
[BlackElo "2323"]
[PlyCount "126"]
[EventDate "2017.10.19"]
[EventType "team-tourn"]
[EventRounds "9"]
[EventCountry "ISL"]
[SourceTitle "EXT 2019"]
[Source "ChessBase"]
[SourceDate "2018.10.10"]
[SourceVersion "1"]
[SourceVersionDate "2018.10.10"]
[SourceQuality "1"]
[WhiteTeam "KR CC"]
[BlackTeam "Huginn"]
[WhiteTeamCountry "ISL"]
[BlackTeamCountry "ISL"]

1. c4 Nf6 2. Nc3 e5 3. e3 Nc6 4. a3 Be7 5. g3 d5 6. cxd5 Nxd5 7. Bg2 Nxc3 8. bxc3 Qd3 9. Qa4 0-0 10. Be4 Qd6 11. d4 Rb8 12. Rb1 Bd7 13. Qc2 f5 14. Bg2 f4 15. Be4 fxe3 16. Bxe3 exd4 17. cxd4 Qxa3 18. Bxh7+ Kh8 19. Rb3 Nb4 20. Qb1 Qa6 21. Be4 Bc6 22. Bxc6 Qxc6 23. f3 a5 24. Kf2 Nd5 25. Ne2 a4 26. Rd3 Nb4 27. Nf4 Nxd3+ 28. Qxd3 Rf6 29. Rc1 Qd7 30. Ng6+ Kg8 31. Qc4+ Kh7 32. Ne5 Qe6 33. Qxa4 Bd6 34. Nd7 Qh3 35. Nxf6+ gxf6 36. Kg1 Qf5 37. Qc2 Kg6 38. Kf2 Qxc2+ 39. Rxc2 Ra8 40. h4 Ra1 41. Kg2 Ra3 42. Bf2 Rd3 43. Rb2 b6 44. g4 Bf4 45. Rc2 Bd6 46. Re2 Kf7 47. h5 b5 48. Rb2 b4 49. Bg3 Rxd4 50. Bxd6 cxd6 51. Kf2 Rc4 52. Ke3 Kg7 53. Kd3 d5 54. Ra2 Rc3+ 55. Ke2 d4 56. Ra7+ Kg8 57. Rd7 Re3+ 58. Kf2 Rd3 59. f4 b3 60. g5 fxg5 61. fxg5 Rh3 62. h6 b2 63. Rb7 Rh1 0-1

[Event "Reykjavik Congress"]
[Site "Reykjavik"]
[Date "2018.01.17"]
[Round "3"]
[White "Jensson, Einar Hjalti"]
[Black "Valdimarsson, Einar"]
[Result "1/2-1/2"]
[WhiteElo "2336"]
[BlackElo "2023"]
[PlyCount "110"]
[EventDate "2018.01.10"]
[EventType "swiss"]
[EventRounds "9"]
[EventCountry "ISL"]
[SourceTitle "CBM 182 Extra"]
[Source "ChessBase"]
[SourceDate "2018.02.23"]
[SourceVersion "1"]
[SourceVersionDate "2018.02.23"]
[SourceQuality "1"]

1. e4 c5 2. Nc3 d6 3. f4 g6 4. Nf3 Nc6 5. Bc4 e6 6. 0-0 Nge7 7. d3 Bg7 8. Qe1 0-0 9. Qh4 Nd4 10. f5 gxf5 11. Bh6 Ng6 12. Qh5 Nxf3+ 13. Rxf3 Qh4 14. Qxh4 Nxh4 15. Rg3 Ng6 16. Bxg7 Kxg7 17. exf5 exf5 18. Re1 Bd7 19. Bd5 Rae8 20. Kf1 Rxe1+ 21. Kxe1 Re8+ 22. Kd2 Bc6 23. Bxc6 bxc6 24. Rf3 Re5 25. g3 Kh6 26. Nd1 Kg5 27. Ne3 Ne7 28. a3 Nd5 29. Ng2 Kg4 30. Rf2 Kh3 31. Ne1 f4 32. c4 fxg3 33. hxg3 Ne7 34. Rxf7 h5 35. Nf3 Rf5 36. Ng1+ Kg2 37. Rxe7 Kxg1 38. Rxa7 Rg5 39. Rd7 Kf2 40. Rxd6 Kxg3 41. Rxc6 h4 42. Rh6 h3 43. b4 h2 44. Kc3 Rg4 45. Rxh2 Kxh2 46. bxc5 Kg3 47. Kb4 Kf4 48. c6 Ke3 49. c7 Rg8 50. Kc5 Kxd3 51. a4 Rc8 52. Kb6 Kxc4 53. a5 Rxc7 54. Kxc7 Kb5 55. a6 Kxa6 1/2-1/2

[Event "Runavik op"]
[Site "Runavik"]
[Date "2017.11.22"]
[Round "3"]
[White "Filip, Horatiu Cristian"]
[Black "Jensson, Einar Hjalti"]
[Result "0-1"]
[WhiteElo "2046"]
[BlackElo "2372"]
[PlyCount "110"]
[EventDate "2017.11.20"]
[EventType "swiss"]
[EventRounds "9"]
[EventCountry "FAI"]
[SourceTitle "CBM 181 Extra"]
[Source "ChessBase"]
[SourceDate "2017.12.12"]
[SourceVersion "1"]
[SourceVersionDate "2017.12.12"]
[SourceQuality "1"]

1. e4 g6 2. d4 Bg7 3. Nf3 d6 4. Bc4 a6 5. 0-0 e6 6. Nc3 b5 7. Be2 Bb7 8. a3 Ne7 9. Be3 0-0 10. Qd2 Nd7 11. Rad1 d5 12. Bd3 Rc8 13. b4 Re8 14. Bh6 Bh8 15. e5 Nf5 16. Bxf5 exf5 17. Rfe1 Nb6 18. Bg5 Qd7 19. Bf6 Bxf6 20. exf6 Qd6 21. Qg5 Nd7 22. Re5 Qxf6 23. Nxd5 Qxg5 24. Nxg5 Nxe5 25. Nf6+ Kf8 26. Nxe8 Nd7 27. Re1 Be4 28. f3 h6 29. Nh7+ Kxe8 30. fxe4 Kd8 31. e5 Ke7 32. Re3 c6 33. Rc3 Rh8 34. Nf6 Nxf6 35. exf6+ Kd7 36. h4 Re8 37. Rc5 Re6 38. a4 Rxf6 39. axb5 axb5 40. d5 cxd5 41. Rxb5 Kc6 42. Rc5+ Kd6 43. Kf2 Re6 44. Rc8 Re4 45. c3 Rxh4 46. Ke3 Rg4 47. Rd8+ Kc6 48. Rf8 Rxg2 49. Rxf7 h5 50. Kd4 Rg4+ 51. Kd3 h4 52. Rh7 f4 53. c4 dxc4+ 54. Kxc4 f3+ 55. Kd3 Rf4 0-1

[Event "Reykjavik Taflfelag op"]
[Site "Reykjavik"]
[Date "2017.09.17"]
[Round "6"]
[White "Gretarsson, Hjorvar Steinn"]
[Black "Jensson, Einar Hjalti"]
[Result "1-0"]
[WhiteElo "2567"]
[BlackElo "2362"]
[PlyCount "131"]
[EventDate "2017.09.06"]
[EventType "swiss"]
[EventRounds "9"]
[EventCountry "ISL"]
[SourceTitle "CBM 180 Extra"]
[Source "ChessBase"]
[SourceDate "2017.10.06"]
[SourceVersion "1"]
[SourceVersionDate "2017.10.06"]
[SourceQuality "1"]

1. Nf3 Nf6 2. g3 d5 3. Bg2 e6 4. 0-0 Be7 5. d4 0-0 6. b3 c5 7. dxc5 Bxc5 8. Bb2 Nc6 9. Nbd2 Qe7 10. Ne5 Rd8 11. Nd3 e5 12. e4 Nxe4 13. Nxe4 dxe4 14. Bxe4 Bd4 15. c3 Bb6 16. Qe2 f6 17. Bc1 Be6 18. Be3 Bxe3 19. Qxe3 Bd5 20. Rfd1 Rd6 21. Nb2 Rad8 22. b4 Bxe4 23. Qxe4 Qe6 24. Rxd6 Rxd6 25. Nc4 Rd7 26. Ne3 Rd2 27. a4 Qb3 28. Rc1 Qxa4 29. Qc4+ Kf8 30. b5 Qa3 31. Qf1 Na5 32. Ra1 Qxc3 33. Rc1 Qd3 34. Qh3 Qd7 35. Rc8+ Ke7 36. Nf5+ Ke6 37. Re8+ Kd5 38. Re7 Qxb5 39. Ne3+ Kc5 40. Qc8+ Kb4 41. Qg4+ Ka3 42. Qf3 Ka2 43. Rxg7 Nc6 44. Qxf6 Qb1+ 45. Kg2 Qe4+ 46. Kh3 Rb2 47. Nd1 Rb3 48. Rxb7 Qg6 49. Qxg6 hxg6 50. Rc7 Rb6 51. Nc3+ Kb3 52. Nd5 Rb5 53. Rxc6 Rxd5 54. Ra6 Rd7 55. Kg4 Kc4 56. h4 Kb5 57. Rxg6 Rf7 58. Re6 Rxf2 59. Rxe5+ Kb4 60. h5 a5 61. h6 Rf8 62. h7 a4 63. Kg5 a3 64. g4 a2 65. Re1 Ra8 66. Ra1 1-0

[Event "Reykjavik Taflfelag op"]
[Site "Reykjavik"]
[Date "2017.09.08"]
[Round "2"]
[White "Hauksson, Hordur Aron"]
[Black "Jensson, Einar Hjalti"]
[Result "0-1"]
[WhiteElo "1859"]
[BlackElo "2362"]
[PlyCount "46"]
[EventDate "2017.09.06"]
[EventType "swiss"]
[EventRounds "9"]
[EventCountry "ISL"]
[SourceTitle "CBM 180 Extra"]
[Source "ChessBase"]
[SourceDate "2017.10.06"]
[SourceVersion "1"]
[SourceVersionDate "2017.10.06"]
[SourceQuality "1"]

1. d4 Nf6 2. c4 e6 3. Nf3 c5 4. d5 b5 5. Bg5 exd5 6. cxd5 h6 7. Bxf6 Qxf6 8. Qc2 Be7 9. e4 Qb6 10. Be2 0-0 11. a4 bxa4 12. Nc3 Na6 13. Nxa4 Qg6 14. Rc1 Nb4 15. Qd2 d6 16. Nc3 Bg4 17. 0-0 Bxf3 18. Bxf3 Bg5 19. Qe2 Bxc1 20. Rxc1 Rfe8 21. Qd1 Qf6 22. Qa4 Nd3 23. Rc2 Ne1 0-1

[Event "ISL-chT 1617"]
[Site "Reykjavik"]
[Date "2017.03.03"]
[Round "7.1"]
[White "Jakubiec, Edyta"]
[Black "Jensson, Einar Hjalti"]
[Result "1/2-1/2"]
[WhiteElo "2186"]
[BlackElo "2378"]
[PlyCount "232"]
[EventDate "2016.09.29"]
[EventType "team-tourn"]
[EventRounds "9"]
[EventCountry "ISL"]
[SourceTitle "EXT 2018"]
[Source "ChessBase"]
[SourceDate "2017.10.13"]
[SourceVersion "1"]
[SourceVersionDate "2017.10.13"]
[SourceQuality "1"]
[WhiteTeam "Vikingaklubburinn"]
[BlackTeam "Huginn"]
[WhiteTeamCountry "ISL"]
[BlackTeamCountry "ISL"]

1. e4 g6 2. d4 Bg7 3. Nc3 d6 4. Be3 a6 5. Qd2 b5 6. f3 Nd7 7. a4 b4 8. Nd1 c5 9. c3 bxc3 10. bxc3 Rb8 11. a5 Qc7 12. Nh3 Ngf6 13. Be2 0-0 14. 0-0 Rd8 15. Kh1 d5 16. e5 Ne8 17. f4 Nf8 18. g4 f5 19. exf6 Nxf6 20. Nhf2 c4 21. f5 Rb5 22. Bf4 Qb7 23. Bh6 Ne8 24. Nh3 Nd6 25. Bxg7 Kxg7 26. Qf4 gxf5 27. Qe5+ Kf7 28. gxf5 Ke8 29. Bh5+ Kd7 30. Ng5 Kc6 31. Ne3 h6 32. Nf3 e6 33. Qf6 Qc7 34. fxe6 Nxe6 35. Ne5+ Kb7 36. Qxh6 Qg7 37. Qxg7+ Nxg7 38. Bf3 Ndf5 39. Nxf5 Nxf5 40. Nxc4 Nh4 41. Ne5 Bf5 42. Bg4 Be4+ 43. Kg1 Ka8 44. Rf6 Rg8 45. h3 Rb2 46. Rxa6+ Kb7 47. Rb6+ Rxb6 48. axb6 Kxb6 49. Kf2 Nf5 50. Nd7+ Kb5 51. Nf6 Rf8 52. Be2+ Kc6 53. Ra6+ Kb7 54. Re6 Nh4 55. Kg3 Nf5+ 56. Kf4 Nh4 57. Kg4 Bf5+ 58. Kxh4 Bxe6 59. Nh5 Kc6 60. Ng7 Rh8+ 61. Kg5 Bxh3 62. c4 Kd6 63. Nf5+ Bxf5 64. Kxf5 Re8 65. c5+ Kc6 66. Bf3 Re3 67. Bg2 Rg3 68. Bh1 Rg1 69. Bf3 Rf1 70. Kf4 Re1 71. Bg2 Rd1 72. Ke5 Re1+ 73. Kf4 Re7 74. Bf3 Rf7+ 75. Ke3 Rf5 76. Bg4 Rf1 77. Bf3 Ra1 78. Kf4 Ra3 79. Bg2 Rd3 80. Ke5 Re3+ 81. Kf4 Re2 82. Bf3 Re1 83. Bg2 Re6 84. Bf3 Re8 85. Bg2 Rh8 86. Bf3 Rg8 87. Ke5 Re8+ 88. Kf4 Rf8+ 89. Ke3 Rf7 90. Bh5 Re7+ 91. Kd3 Rh7 92. Bf3 Rh3 93. Ke2 Rg3 94. Kf2 Rg7 95. Ke3 Rf7 96. Bh5 Re7+ 97. Kd3 Kb5 98. Bf3 Rd7 99. Kc3 Rd8 100. Kd3 Rd7 101. Bg2 Kc6 102. Bf3 Ra7 103. Ke3 Ra3+ 104. Ke2 Rb3 105. Bh1 Rb2+ 106. Ke3 Rb3+ 107. Ke2 Rb1 108. Bf3 Rb8 109. Ke3 Rf8 110. Bg2 Rf5 111. Bh3 Rg5 112. Bf1 Rg3+ 113. Kf4 Rb3 114. Be2 Rc3 115. Bf1 Rc1 116. Be2 Re1 1/2-1/2

[Event "ISL-chT 1617"]
[Site "Reykjavik"]
[Date "2017.03.02"]
[Round "6.1"]
[White "Jensson, Einar Hjalti"]
[Black "Bergmann, Haukur"]
[Result "0-1"]
[WhiteElo "2378"]
[BlackElo "2075"]
[PlyCount "90"]
[EventDate "2016.09.29"]
[EventType "team-tourn"]
[EventRounds "9"]
[EventCountry "ISL"]
[SourceTitle "EXT 2018"]
[Source "ChessBase"]
[SourceDate "2017.10.13"]
[SourceVersion "1"]
[SourceVersionDate "2017.10.13"]
[SourceQuality "1"]
[WhiteTeam "Huginn"]
[BlackTeam "Reykjanesbaejar"]
[WhiteTeamCountry "ISL"]
[BlackTeamCountry "ISL"]

1. e4 e6 2. d3 c5 3. g3 Nc6 4. Bg2 g6 5. h4 Nf6 6. Nc3 d6 7. g4 h5 8. g5 Nd7 9. f4 f5 10. exf5 exf5 11. Rh3 Nb6 12. a4 a5 13. Nb5 Bg7 14. Re3+ Kf7 15. Nf3 Re8 16. d4 Rxe3+ 17. Bxe3 Qe7 18. Kf2 Kf8 19. d5 Nb4 20. Bc1 Bd7 21. Ra3 Nc4 22. Rc3 Bxc3 23. bxc3 Na6 24. Bf1 Nb6 25. Bd2 Bxb5 26. axb5 Nc7 27. c4 a4 28. Qa1 Kg8 29. Qa3 Kh7 30. Bd3 Re8 31. Ng1 Kg8 32. Ne2 Ncxd5 33. cxd5 c4 34. Ng3 cxd3 35. Qxd3 Qf7 36. c4 Nd7 37. Bc3 Nc5 38. Qd4 Kh7 39. Bb2 Qe7 40. Qc3 b6 41. Ba1 a3 42. Kg2 Ne4 43. Qxa3 Nxg3 44. Bf6 Qe2+ 45. Kxg3 Re3+ 0-1

[Event "PRO League Stage"]
[Site "Chess.com INT"]
[Date "2017.02.15"]
[Round "6"]
[White "Jensson, Einar Hjalti"]
[Black "Adair, James R"]
[Result "1-0"]
[WhiteElo "2386"]
[BlackElo "2480"]
[PlyCount "87"]
[EventDate "2017.01.11"]
[EventType "team-swiss (rapid)"]
[EventRounds "7"]
[EventCountry "USA"]
[SourceTitle "CBM 176 Extra"]
[Source "ChessBase"]
[SourceDate "2017.03.02"]
[SourceVersion "1"]
[SourceVersionDate "2017.03.02"]
[SourceQuality "1"]
[WhiteTeam "Reykjavik Puffins"]
[BlackTeam "London Lions"]
[WhiteTeamCountry "ISL"]
[BlackTeamCountry "ENG"]

1. d4 Nf6 2. c4 e6 3. Nc3 Bb4 4. Qc2 0-0 5. e4 d5 6. e5 Ne4 7. Bd3 c5 8. Nf3 cxd4 9. Nxd4 Nd7 10. Bf4 Qh4 11. g3 Qh5 12. 0-0 Bxc3 13. bxc3 g5 14. Be3 Nxe5 15. cxd5 exd5 16. Bxe4 dxe4 17. Qxe4 Ng4 18. Nf3 Nxe3 19. Qxe3 h6 20. Rfe1 Bh3 21. Nd4 Qg6 22. Qf3 h5 23. Qxb7 Rac8 24. Rac1 Rfe8 25. Rxe8+ Rxe8 26. Qc6 f6 27. c4 Rd8 28. Re1 Rxd4 29. Qa8+ Kh7 30. Re7+ Qg7 31. Rxg7+ Kxg7 32. Qxa7+ Rd7 33. Qa4 Rd2 34. Qb3 Bg4 35. Kg2 Bd7 36. Qb7 Kh6 37. c5 Be6 38. Qe7 Bd5+ 39. Kf1 Kg6 40. Qe8+ Kg7 41. f4 g4 42. c6 Bxa2 43. c7 Bc4+ 44. Ke1 1-0

[Event "PRO League Stage"]
[Site "Chess.com INT"]
[Date "2017.02.15"]
[Round "6"]
[White "Jensson, Einar Hjalti"]
[Black "Zhou, Yang Fan"]
[Result "0-1"]
[WhiteElo "2386"]
[BlackElo "2462"]
[PlyCount "74"]
[EventDate "2017.01.11"]
[EventType "team-swiss (rapid)"]
[EventRounds "7"]
[EventCountry "USA"]
[SourceTitle "CBM 176 Extra"]
[Source "ChessBase"]
[SourceDate "2017.03.02"]
[SourceVersion "1"]
[SourceVersionDate "2017.03.02"]
[SourceQuality "1"]
[WhiteTeam "Reykjavik Puffins"]
[BlackTeam "London Lions"]
[WhiteTeamCountry "ISL"]
[BlackTeamCountry "ENG"]

1. d4 Nf6 2. c4 g6 3. Nc3 Bg7 4. e4 0-0 5. Nf3 d6 6. Be2 e5 7. 0-0 Nc6 8. d5 Ne7 9. Ne1 Ne8 10. f3 f5 11. Be3 f4 12. Bf2 g5 13. Rc1 Rf6 14. Nd3 Bf8 15. c5 h5 16. cxd6 cxd6 17. g4 hxg4 18. fxg4 Rh6 19. Kg2 Ng6 20. Bf3 Bd7 21. Qb3 b6 22. h3 Nf6 23. Ne2 Be7 24. Ng1 Kg7 25. Rc3 Qh8 26. Rfc1 Qh7 27. Rc7 Rh8 28. Rxd7 Nxd7 29. Rc7 Nf6 30. Kf1 Rxh3 31. Nxh3 Qxh3+ 32. Bg2 Qxg4 33. Nb4 Rh2 34. Qf3 Qxf3 35. Bxf3 g4 36. Be2 Nxe4 37. Be1 f3 0-1

[Event "PRO League Central"]
[Site "Chess.com INT"]
[Date "2017.02.01"]
[Round "4"]
[White "Jensson, Einar Hjalti"]
[Black "Jones, Gawain C B"]
[Result "0-1"]
[WhiteElo "2386"]
[BlackElo "2665"]
[PlyCount "126"]
[EventDate "2017.01.11"]
[EventType "team-swiss (rapid)"]
[EventRounds "7"]
[EventCountry "USA"]
[SourceTitle "CBM 176 Extra"]
[Source "ChessBase"]
[SourceDate "2017.03.02"]
[SourceVersion "1"]
[SourceVersionDate "2017.03.02"]
[SourceQuality "1"]
[WhiteTeam "Reykjavik Puffins"]
[BlackTeam "London Towers"]
[WhiteTeamCountry "ISL"]
[BlackTeamCountry "ENG"]

1. e4 d6 2. d4 Nf6 3. Nc3 g6 4. f4 Bg7 5. Nf3 0-0 6. Bd3 Nc6 7. 0-0 e5 8. fxe5 dxe5 9. d5 Ne7 10. Nxe5 c6 11. Bg5 cxd5 12. exd5 Nexd5 13. Nxd5 Qxd5 14. Qf3 Qxf3 15. Rxf3 Ng4 16. Nxg4 Bxg4 17. Rf4 Be6 18. Bf6 Bxf6 19. Rxf6 Rfd8 20. Rf4 Rd6 21. a3 Rad8 22. Re1 Kg7 23. Kf2 f5 24. h4 Kf6 25. g3 h6 26. Ke3 Bd7 27. Ref1 Re8+ 28. Kd2 Re5 29. g4 g5 30. hxg5+ hxg5 31. Rb4 b5 32. gxf5 a5 33. Rg4 Rxf5 34. Rgg1 g4 35. Rxf5+ Bxf5 36. Ke3 Kg5 37. Bxb5 Bxc2 38. Be2 Re6+ 39. Kd2 Bf5 40. b4 Re5 41. bxa5 Rxa5 42. Rg3 Kf4 43. Rb3 g3 44. Ke1 Be4 45. Bb5 Bd5 46. Rb4+ Ke3 47. a4 g2 48. Rg4 Ra7 49. Rg3+ Bf3 50. Bc6 g1Q+ 51. Rxg1 Bxc6 52. Rg3+ Bf3 53. Rg8 Rxa4 54. Re8+ Be4 55. Rd8 Ra1+ 56. Rd1 Ra2 57. Rd8 Rh2 58. Rf8 Re2+ 59. Kf1 Rb2 60. Kg1 Rg2+ 61. Kf1 Rg5 62. Ke1 Bg6 63. Rf6 Rb5 0-1

[Event "Nordic-ch"]
[Site "Sastamala"]
[Date "2016.10.30"]
[Round "9"]
[White "Jensson, Einar Hjalti"]
[Black "Salomon, Johan"]
[Result "1-0"]
[WhiteElo "2378"]
[BlackElo "2498"]
[PlyCount "67"]
[EventDate "2016.10.22"]
[EventType "tourn"]
[EventRounds "9"]
[EventCountry "FIN"]
[EventCategory "9"]
[SourceTitle "EXT 2018"]
[Source "ChessBase"]
[SourceDate "2017.10.13"]
[SourceVersion "1"]
[SourceVersionDate "2017.10.13"]
[SourceQuality "1"]

1. d4 Nf6 2. c4 e6 3. Nf3 d5 4. Nc3 c5 5. cxd5 Nxd5 6. e4 Nxc3 7. bxc3 cxd4 8. cxd4 Bb4+ 9. Bd2 Bxd2+ 10. Qxd2 0-0 11. Be2 b6 12. 0-0 Bb7 13. Qf4 Nd7 14. Rac1 Rc8 15. Bd3 h6 16. Rxc8 Qxc8 17. Rc1 Qa8 18. Rc7 Nf6 19. d5 exd5 20. e5 Ne8 21. Re7 Qc8 22. h3 Ba6 23. Bf5 Qc4 24. Nd4 g5 25. Qe3 Ng7 26. e6 fxe6 27. Bxe6+ Kh8 28. Nf5 d4 29. Qe5 Qc1+ 30. Kh2 Qf4+ 31. Qxf4 gxf4 32. Nxg7 d3 33. Bb3 d2 34. Ne6 1-0

[Event "Nordic-ch"]
[Site "Sastamala"]
[Date "2016.10.28"]
[Round "7"]
[White "Jensson, Einar Hjalti"]
[Black "Karttunen, Mika"]
[Result "1-0"]
[WhiteElo "2378"]
[BlackElo "2450"]
[PlyCount "99"]
[EventDate "2016.10.22"]
[EventType "tourn"]
[EventRounds "9"]
[EventCountry "FIN"]
[EventCategory "9"]
[SourceTitle "EXT 2018"]
[Source "ChessBase"]
[SourceDate "2017.10.13"]
[SourceVersion "1"]
[SourceVersionDate "2017.10.13"]
[SourceQuality "1"]

1. d4 Nf6 2. c4 e6 3. Nf3 Bb4+ 4. Nbd2 b6 5. a3 Bxd2+ 6. Qxd2 Bb7 7. e3 d6 8. b4 Nbd7 9. Bb2 0-0 10. Be2 Qe7 11. 0-0 Ne4 12. Qc2 Ng5 13. Nd2 f5 14. f3 c5 15. Bd3 Nf6 16. Nb3 cxd4 17. exd4 Nh5 18. Rae1 Nf4 19. Bxf5 Qf7 20. Be4 Nxe4 21. fxe4 Qg6 22. Rf3 Bxe4 23. Rxe4 d5 24. Bc1 dxe4 25. Rxf4 Rxf4 26. Bxf4 Rf8 27. Be3 Qg4 28. Nc1 Rf3 29. Qe2 h5 30. Nb3 Qg6 31. Nd2 Rf8 32. Bf2 Rf4 33. h3 h4 34. Be3 Rf5 35. Qg4 Qe8 36. Qxe4 Qc8 37. Qxh4 a5 38. Qe4 b5 39. c5 axb4 40. axb4 Qa6 41. Nf3 Qa1+ 42. Kh2 Qa2 43. Bf4 Kf7 44. c6 Ke7 45. Ne5 g5 46. Bxg5+ Kd6 47. Bf4 Ke7 48. c7 Qa6 49. Nc6+ Kf6 50. Nd8 1-0

[Event "Nordic-ch"]
[Site "Sastamala"]
[Date "2016.10.25"]
[Round "4"]
[White "Blomqvist, Erik"]
[Black "Jensson, Einar Hjalti"]
[Result "1-0"]
[WhiteElo "2541"]
[BlackElo "2378"]
[PlyCount "39"]
[EventDate "2016.10.22"]
[EventType "tourn"]
[EventRounds "9"]
[EventCountry "FIN"]
[EventCategory "9"]
[SourceTitle "EXT 2018"]
[Source "ChessBase"]
[SourceDate "2017.10.13"]
[SourceVersion "1"]
[SourceVersionDate "2017.10.13"]
[SourceQuality "1"]

1. Nf3 d5 2. d4 Nf6 3. Bf4 c5 4. e3 Nc6 5. Nbd2 Qb6 6. dxc5 Qxb2 7. Rb1 Qc3 8. Bb5 e6 9. 0-0 Qxc5 10. c4 a6 11. Bxc6+ bxc6 12. Qa4 Bd7 13. Ne5 Qa3 14. Qc2 Rd8 15. Rb7 Be7 16. Rc1 0-0 17. c5 h6 18. Nd3 Rc8 19. Be5 Rfd8 20. Bb2 1-0